000 05497cam a22012374i 4500
003 PE-LiUPU
005 20250813185600.0
008 150706s r 000 0 d
020 _a9788471979056
035 _a(Sirsi) i9788471979056
040 _aPE-LiUPU
_bspa
_cPE-LiUPU
_erda
049 _aPRUA
082 0 4 _a371.1
_bG16
_221
100 1 _aGairín, Joaquín,
_eautor.
245 1 0 _aOrganizaciones educativas al servicio de la sociedad /
_cJoaquín Gairín y Serafín Antúnez.
264 1 _aEspaña :
_bWolters Kluwer,
_c2008
300 _a01 CD-ROM
300 _a705 páginas ;
_c24 centímetros
336 _atext
_2rdacontent
337 _aunmediated
_2rdamedia
338 _avolume
_2rdacarrier
504 _aIncluye referencias bibliografícas.
505 0 _aDirección de instituciones educativas.- Realidad y perspectivas en la dirección escolar -- . Competencias profesionales de los directivos escolares. Identificación y desarrollo -- Liderazgo en las organizaciones sociales -- Dirección de organizaciones educativas y sociolaborales: la perspectiva social y la perspectiva de la igualdad de género -- La dirección de centros educativos del siglo XXI: alternativas -- Organización de la atención a la diversidad -- Garantizar que cada alumno es importante: la mejora de la equidad dentro de los sistemas -- Respuestas organizativas y pedagógicas ante el riesgo de exclusión educativa -- Modelos organizativos de orientación educativa y profesional al servicio de la mejora escolar -- Potencialidades y limitaciones de los servicios y redes de apoyo a los centros educativos para la mejora escolar: una revisión desde la teoría, la política y la práctica -- Las organizaciones sociales ante el reto de la educación para el desarrollo y la cohesión social -- Procesos de participación, innovación y cambio -- Perspectivas sociológicas sobre la organización escolar: cuestiones recurrentes en la era de la globalización -- La participación en educación: necesidad y compromiso. La práctica de la innovación educativa: contextos y procesos -- Estructuras organizativas y cambio en los Centros de Formación Permanente del Profesorado -- Desarrollo organizativo en la universidad -- Organización y gestión en la universidad -- Diseño y gestión de planes de estudio en la Educación Superior -- Las competencias evaluativos: papel de las agencias de calidad como organizaciones competentes para la mejora de las universidades y de la sociedad -- Investigación institucional sobre la universidad -- Otras aportaciones -- El contexto externo -- Los planteamientos institucionales y su desarrollo -- Las estructuras de organización y funcionamiento ( I ): el liderazgo y la dirección escolar.-Las estructuras de organización y funcionamiento ( II ): otros recursos -- Las dinámicas de funcionamiento ( I ): la participación -- Las dinámicas de funcionamiento ( II ): la evaluación y calidad -- Las dinámicas de funcionamiento ( III ): la innovación y el cambio -- Organización y gestión diferencial de instituciones -- La formación en Organización y Gestión -- Otras temáticas organizativas.
526 _aP202
526 _aP201
526 _aP163
526 _aP162
526 _aP161
526 _aP160
526 _aP148
526 _aP147
526 _aP146
526 _aP145
526 _aP144
526 _aP143
526 _aP142
526 _aP141
526 _aP140
526 _aP139
526 _aP138
526 _aP137
526 _aP136
526 _aP135
526 _aP134
526 _aP133
526 _aP129
526 _aP128
526 _aP127
526 _aP120
526 _aP119
526 _aP118
526 _aP116
526 _aP115
526 _aP114
526 _aP110
526 _aP109
526 _aP108
526 _aP104
526 _aP103
526 _aP102
526 _aP99
526 _aP98
526 _aP97
526 _aP96
526 _aP95
526 _aP93
526 _aP90
526 _aP89
526 _aP88
526 _aP83
526 _aP82
526 _aP62
526 _aP59
526 _aP58
526 _aP57
526 _aP51
526 _aP49
526 _aP48
526 _aP47
526 _aP29
526 _aP24
526 _aP20
526 _aP19
526 _aP17
526 _aP15
526 _aP14
526 _aP12
526 _aP10
526 _aP09
526 _aP08
526 _aP07
526 _aP06
526 _aP05
526 _aP04
526 _aP01
650 0 4 _aAdministración y organización escolar
_vCongresos y asambleas.
700 1 _aAntenúez, Serafín,
_eed.
700 1 _aGairín Sallán, Joaquín,
_eed.
910 _agl
_bjv
_cng
_d20110216
942 _2ddc
_cBOOK
949 _aPGE 371.1 G16
_wDEWEY
_c1
_i62611
_d2016-9-27
_e2016-9-27
_lCCODEBUL1
_mBUL
_n7
_p42.00
_r0
_sY
_tBOOK
_u2015-7-6
_xEDUCACION
_PP57
_0COMPRA
_o.CIRCNOTE. No olvidar cambiar la fecha de devolución!!!!!!!
_o.STAFF. Colección General
994 _aC0
_bPEPRU
596 _a1
999 _aPGE 371.1 G16
_wDEWEY
_c51718
_i62611
_d51718
_e2016-9-27
_f2021-11-8
_g5
_lCCODEBUL1
_mBUL
_n7
_p42.00
_q1
_r0
_sY
_tBOOK
_u2015-7-6
_xEDUCACION
_PP57
_0COMPRA
_o.CIRCNOTE. No olvidar cambiar la fecha de devolución!!!!!!!
_o.STAFF. Colección General
980 _81
_gALBERTO SANCHEZ Responsable de Automatización